| 000 | 00585nam a22002177a 4500 | ||
|---|---|---|---|
| 003 | OSt | ||
| 005 | 20140310181759.0 | ||
| 008 | 130702t xxu||||| |||| 00| 0 eng d | ||
| 020 | _a9780753715642 | ||
| 020 | _a0753704439 | ||
| 050 |
_aQ 163 _b.T273 2007 |
||
| 082 |
_aREF 031.02 _bT23 2007 |
||
| 245 |
_aTell me why? : _bwhy do we have seasons? why is sky blue? why do birds sing? / |
||
| 260 |
_aUK : _bBounty Books, _c2007. |
||
| 300 |
_a207 p. _bcol. : ill. ; _c23 cm. |
||
| 521 | _a | ||
| 541 | _j1 | ||
| 541 | _j2 | ||
| 562 | _e2 | ||
| 942 |
_2lcc _cBK-GR _kREF |
||
| 999 |
_c3554 _d3554 |
||